000
00226nam a2200097Ia 4500
008
240331s9999 xx 000 0 und d
082
_b
BAL
100
_a
Balasundaram, E
245
0
_a
Naddar isai :
_b
Iyalpum payanpadum
942
_c
L
999
_c
3616
_d
3616